guess the movies n°1 - Statistiques

Statistiques générales
  • Ce quiz a été pris 1 038 fois
  • Le résultat moyen est 10 sur 16
Statistiques - réponses
Par images Réponse % Correct
Interstellar
96%
Fight club
91%
Harry Potter
91%
Venom
89%
La ligne verte
83%
La haine
76%
Le labyrinthe
74%
Call me by your name
61%
Divergente
54%
Le cercle des poètes disparus
50%
20 ans d'écart
49%
Five
48%
Les noces funèbres
44%
Mr and Mrs Smith
36%
Manchester by the sea
28%
Nos coeurs meurtris
17%
Aucun quiz correspondant
Distribution des résultats
% des personnes avec chaque résultat
Percentile par nombre de réponses
Votre historique - résultats
Vous n’avez pas pris ce quiz